Handbook of culvert and drainage practice; (Record no. 528156)
[ view plain ]
| 000 -LEADER | |
|---|---|
| fixed length control field | 00944nam a22002657a 4500 |
| 003 - CONTROL NUMBER IDENTIFIER | |
| control field | NUST |
| 008 - FIXED-LENGTH DATA ELEMENTS--GENERAL INFORMATION | |
| fixed length control field | |
| 038 ## - RECORD CONTENT LICENSOR | |
| Staff Name | M.Ramzan |
| 040 ## - CATALOGING SOURCE | |
| Original cataloging agency | DLC |
| Transcribing agency | DLC |
| Modifying agency | DLC |
| 050 00 - LIBRARY OF CONGRESS CALL NUMBER | |
| Classification number | TE213 |
| Item number | .A7 1948 |
| 082 ## - DEWEY DECIMAL CLASSIFICATION NUMBER | |
| Classification number | 627.5 |
| Author Mark | OHI |
| 110 2# - MAIN ENTRY--CORPORATE NAME | |
| Corporate name or jurisdiction name as entry element | Armco Drainage and Metal Products Inc. [from old catalog] |
| 9 (RLIN) | 19738 |
| 245 10 - TITLE STATEMENT | |
| Title | Handbook of culvert and drainage practice; |
| Remainder of title | for the solution of surface and subsurface drainage problems. |
| 260 ## - PUBLICATION, DISTRIBUTION, ETC. | |
| Place of publication, distribution, etc. | Middletown, OH : |
| Name of publisher, distributor, etc. | Armco International Corp., |
| 300 ## - PHYSICAL DESCRIPTION | |
| Extent | x, 474, [46] p. : |
| Other physical details | ill., maps. ; |
| Dimensions | 19 cm. |
| 500 ## - GENERAL NOTE | |
| General note | Includes index. |
| 500 ## - GENERAL NOTE | |
| General note | "A revision of Armco Drainage Products Association's Handbook of culvert and drainage practice." |
| 650 #0 - SUBJECT ADDED ENTRY--TOPICAL TERM | |
| Topical term or geographic name entry element | Culverts. |
| 9 (RLIN) | 3093 |
| 650 #0 - SUBJECT ADDED ENTRY--TOPICAL TERM | |
| Topical term or geographic name entry element | Drainage. |
| 9 (RLIN) | 19739 |
| 710 2# - ADDED ENTRY--CORPORATE NAME | |
| Corporate name or jurisdiction name as entry element | Armco Drainage Products Association. |
| 9 (RLIN) | 19740 |
| 906 ## - LOCAL DATA ELEMENT F, LDF (RLIN) | |
| a | 0 |
| b | cbc |
| c | premunv |
| d | 3 |
| e | ncip |
| f | 19 |
| g | y-gencatlg |
| 942 ## - ADDED ENTRY ELEMENTS (KOHA) | |
| Source of classification or shelving scheme | |
| Koha item type | Book |
| Withdrawn status | Lost status | Source of classification or shelving scheme | Damaged status | Not for loan | Permanent Location | Current Location | Date acquired | Total Checkouts | Full call number | Barcode | Date last seen | Price effective from | Koha item type |
|---|---|---|---|---|---|---|---|---|---|---|---|---|---|
| School of Civil and Environmental Engineering (SCEE) | School of Civil and Environmental Engineering (SCEE) | 08/30/2019 | 627.5 OHI | NIT-10269 | 08/30/2019 | 08/30/2019 | Book |
